000 00685nam a2200289Ia 4500
005 20260324135658.0
008 008 260324s9999 xx 000 0 eng d
020 _a9780203442357
037 _aEBOOK
040 _aCRL
040 _beng
040 _cCRL
041 _2eng
041 _aeng
084 _qCRL
100 _aPeter J. S. Duncan
_91201486
245 0 _aRussian Messianism
245 0 _bThird Rome, Revolution, Communism and After
260 _bTaylor and Francis
260 _c2000
365 _a
365 _b230
856 _uhttp://www.taylorfrancis.com/books/9780203442357
942 _cEBOOK
999 _c1802836
_d1802836